000 00463nam a22001697a 4500
005 20230117110950.0
008 220215b ||||| |||| 00| 0 eng d
020 _a8176485438
041 _aeng
082 _a362
_bMEH-U
100 _aMEHTA,SHALINA AND SODHI , SUNINDER
_97137
245 _aUNDERSTANDING AIDS : MYTHS EFFORTS AND ACHIEVEMENTS
260 _aNEW DELHI
_bA.P.H PUBLICATION
300 _a372 ;P.
650 _aPHARMACY
_xB.PHARMA
_97083
942 _cBK
999 _c7954
_d7952